Obálka Náhled e-knihy:
Epub
Pro půjčování e-knih musíte být přihlášeni.
Jak si půjčit online?

Macbeth (SK) /

Sedemdesiate roky, ponuré priemyselné mesto sužuje chudoba a úpadok mravov. Zatvára sa jedna továreň za druhou, po uliciach sa potácajú narkomani a vysoko postavení občania figurujú na výplatných páskach dílerov. Macbeth je policajt s temnou minulosťou. Lady jeho milenka a majiteľka luxusného kasína...

Celý popis

Uloženo v:
Hlavní autor: Nesbo, Jo (Autor)
Médium: E-kniha
Jazyk:Czech
Vydáno: Praha : Nakladatelství Práh s.r.o., 2018
Tagy:
Žádné tagy
LEADER 02336nam a22002297i 4500
001 310879
007 ta
008 260601s2018 xr ||||| |||| 00| 0 cze d
020 |a 9788072527359 
044 |a xr 
100 1 |a  Nesbo, Jo  |4 aut 
245 1 0 |a Macbeth (SK) /  |c  Nesbo, Jo 
264 1 |a Praha :  |b Nakladatelství Práh s.r.o.,  |c 2018 
300 |a 1 online zdroj 
336 |a text  |b txt  |2 rdacontent 
337 |a bez média  |b n  |2 rdamedia 
338 |a online zdroj  |b cr  |2 rdacarrier 
520 2 |a Sedemdesiate roky, ponuré priemyselné mesto sužuje chudoba a úpadok mravov. Zatvára sa jedna továreň za druhou, po uliciach sa potácajú narkomani a vysoko postavení občania figurujú na výplatných páskach dílerov. Macbeth je policajt s temnou minulosťou. Lady jeho milenka a majiteľka luxusného kasína. Hekate nie je bohyňa kúziel, ale mocný vodca drogového kartelu. A trojica odporných žien mieša v kotle namiesto čarovného elixíru tie najsilnejšie narkotiká...   V podaní bestsellerového nórskeho spisovateľa Jo Nesbøa sa miesto a postavy slávnej Shakespearovej tragédie menia, ale najdôležitejšie prísady – ambície, vášne a zrada – zostávajú rovnaké. Aj po viac ako štyroch storočiach.   JO NESBØ (1960) – súčasný nórsky spisovateľ, hudobník, pôvodným povolaním ekonóm a finančný analytik. Za svoje kriminálne romány získal množstvo literárnych ocenení. Patrí medzi najprekladanejších autorov súčasnosti. Jeho knihy vyšli v 50 jazykoch a predalo sa z nich viac než 30 miliónov výtlačkov. Vo svete si získal čitateľov najmä sériou krimipríbehov so svojráznym inšpektorom Harrym Holem, z ktorých posledný je Smäd (2017).   Detektívka Macbeth je súčasťou medzinárodného projektu Hogarth Shakespeare. Nesbø v nej spracoval dej aj postavy obľúbenej Shakespearovej tragédie a preniesol ich do obdobia hospodárskej krízy v sedemdesiatych rokoch. 
910 |a RBIT002 
998 |d 177840  |a https://core.palmknihy.cz/api/books/177840/cover?p5zmk5  |b https://core.palmknihy.cz/api/books/177840/cover/400?p5zmk5  |c https://core.palmknihy.cz/api/books/177840/cover/50?p5zmk5  |e   |i 9788072527359  |j https://core.palmknihy.cz/api/books/177840/preview.epub  |l   |q 49  |r 1  |s https://www.palmknihy.cz/kniha/177840  |t ebook  |y 2018  |z 1 
999 |d 310877